[Event "BPB Limburg Open"]
[Site "chess24.com"]
[Date "2017.06.03"]
[Round "2"]
[White "Pruijssers, Roeland"]
[Black "Vrolijk, Liam"]
[Result "1/2-1/2"]
[Board "8"]
[WhiteElo "2502"]
[WhiteTitle "GM"]
[WhiteCountry "NED"]
[WhiteFideId "1013068"]
[WhiteEloChange "-1"]
[BlackElo "2401"]
[BlackTitle "FM"]
[BlackCountry "NED"]
[BlackFideId "1048333"]
[BlackEloChange "1"]

1. e4 {[%clk 2:00:27]} e6 {[%clk 2:00:22]} 2. d4 {[%clk 2:00:35]} d5 {[%clk
2:00:33]} 3. Nd2 {[%clk 2:00:44]} c5 {[%clk 2:00:41]} 4. exd5 {[%clk 2:00:52]}
Qxd5 {[%clk 2:00:50]} 5. Ngf3 {[%clk 2:00:59]} cxd4 {[%clk 2:00:53]} 6. Bc4
{[%clk 2:01:06]} Qd7 {[%clk 2:01:01]} 7. O-O {[%clk 2:00:38]} Nc6 {[%clk
2:01:08]} 8. Nb3 {[%clk 2:00:44]} Nf6 {[%clk 2:01:16]} 9. Nbxd4 {[%clk 1:58:51]}
Nxd4 {[%clk 2:01:19]} 10. Nxd4 {[%clk 1:58:58]} a6 {[%clk 2:01:29]} 11. a4 {[%clk
1:59:01]} Bd6 {[%clk 1:56:57]} 12. Qe2 {[%clk 1:45:25]} Bxh2+ {[%clk 1:48:10]}
13. Kxh2 {[%clk 1:45:33]} Qxd4 {[%clk 1:48:16]} 14. Ra3 {[%clk 1:43:59]} Qe5+
{[%clk 1:30:27]} 15. Rg3 {[%clk 1:43:36]} Qxe2 {[%clk 1:29:49]} 16. Bxe2 {[%clk
1:43:40]} Rg8 {[%clk 1:23:25]} 17. b3 {[%clk 1:37:17]} Bd7 {[%clk 1:18:47]} 18.
Bb2 {[%clk 1:35:10]} O-O-O {[%clk 1:18:22]} 19. Rd1 {[%clk 1:33:50]} Ne4 {[%clk
1:16:34]} 20. Rxg7 {[%clk 1:19:26]} Rxg7 {[%clk 1:14:30]} 21. Bxg7 {[%clk
1:19:33]} Nxf2 {[%clk 1:14:04]} 22. Rf1 {[%clk 1:19:38]} Rg8 {[%clk 1:14:08]} 23.
Bb2 {[%clk 1:14:48]} 1/2-1/2

[Event "BPB Limburg Open"]
[Site "chess24.com"]
[Date "2017.06.03"]
[Round "3"]
[White "Sokolov, Ivan"]
[Black "Bauer, Christian"]
[Result "1/2-1/2"]
[Board "1"]
[WhiteElo "2625"]
[WhiteTitle "GM"]
[WhiteCountry "NED"]
[WhiteFideId "14400030"]
[BlackElo "2630"]
[BlackTitle "GM"]
[BlackCountry "FRA"]
[BlackFideId "603767"]

1. d4 {[%clk 1:48:26]} a6 {[%clk 2:00:23]} 2. e4 {[%clk 1:46:44]} e6 {[%clk
2:00:34]} 3. Nf3 {[%clk 1:41:22]} d5 {[%clk 2:00:41]} 4. Nbd2 {[%clk 1:40:23]}
Nf6 {[%clk 1:59:45]} 5. e5 {[%clk 1:39:53]} Nfd7 {[%clk 1:59:54]} 6. Bd3 {[%clk
1:37:56]} c5 {[%clk 1:59:52]} 7. c3 {[%clk 1:38:06]} Nc6 {[%clk 1:59:56]} 8. O-O
{[%clk 1:34:10]} g5 {[%clk 1:57:46]} 9. dxc5 {[%clk 1:24:13]} g4 {[%clk 1:41:40]}
10. Nd4 {[%clk 1:23:48]} Ndxe5 {[%clk 1:39:40]} 11. N2b3 {[%clk 1:22:34]} Nxd3
{[%clk 1:33:10]} 12. Qxd3 {[%clk 1:20:47]} e5 {[%clk 1:28:01]} 13. Re1 {[%clk
1:20:08]} Bg7 {[%clk 1:23:23]} 14. Nxc6 {[%clk 0:49:23]} bxc6 {[%clk 1:23:28]}
15. Nd4 {[%clk 0:49:36]} Qf6 {[%clk 1:12:11]} 16. f4 {[%clk 0:47:47]} gxf3 {[%clk
1:06:48]} 17. Nxf3 {[%clk 0:47:59]} Qe7 {[%clk 0:51:17]} 18. Bg5 {[%clk 0:42:21]}
Qxc5+ {[%clk 0:49:14]} 19. Be3 {[%clk 0:38:46]} Qd6 {[%clk 0:40:07]} 20. Bd4
{[%clk 0:30:48]} f6 {[%clk 0:39:45]} 21. b4 {[%clk 0:31:01]} Be6 {[%clk 0:33:42]}
22. Bc5 {[%clk 0:30:34]} Qd7 {[%clk 0:33:24]} 23. Nh4 {[%clk 0:23:10]} Bh6 {[%clk
0:25:59]} 24. Qf3 {[%clk 0:22:14]} Bg7 {[%clk 0:12:50]} 25. Re3 {[%clk 0:21:57]}
Rg8 {[%clk 0:11:42]} 26. Rf1 {[%clk 0:19:21]} Bg4 {[%clk 0:08:51]} 27. Qf2 {[%clk
0:18:30]} Bh6 {[%clk 0:06:33]} 28. h3 {[%clk 0:12:34]} Bxe3 {[%clk 0:02:57]} 29.
Qxe3 {[%clk 0:12:32]} Be6 {[%clk 0:02:16]} 30. Rxf6 {[%clk 0:12:27]} O-O-O {[%clk
0:02:03]} 31. Nf3 {[%clk 0:10:34]} Qg7 {[%clk 0:01:37]} 32. Qg5 {[%clk 0:06:08]}
Qxg5 {[%clk 0:01:38]} 33. Nxg5 {[%clk 0:06:21]} Rxg5 {[%clk 0:01:23]} 34. Rxe6
{[%clk 0:06:34]} d4 {[%clk 0:00:21]} 35. cxd4 {[%clk 0:04:55]} exd4 {[%clk
0:00:33]} 36. Rxc6+ {[%clk 0:04:42]} Kb7 {[%clk 0:00:32]} 37. Rb6+ {[%clk
0:04:49]} Kc7 {[%clk 0:00:44]} 38. Rf6 {[%clk 0:03:13]} Rd7 {[%clk 0:00:39]} 39.
Rxa6 {[%clk 0:02:34]} d3 {[%clk 0:00:42]} 40. Ra7+ {[%clk 0:02:38]} Kc8 {[%clk
0:00:39]} 41. Ra8+ {[%clk 0:01:29]} Kb7 {[%clk 0:00:53]} 42. Ra7+ {[%clk
0:01:42]} Kc8 {[%clk 0:01:07]} 43. Ra8+ {[%clk 0:01:47]} 1/2-1/2

[Event "BPB Limburg Open"]
[Site "chess24.com"]
[Date "2017.06.03"]
[Round "3"]
[White "Mesman, Edwyn"]
[Black "Beerdsen, Thomas"]
[Result "1/2-1/2"]
[Board "8"]
[WhiteElo "2034"]
[WhiteCountry "NED"]
[WhiteFideId "1046551"]
[WhiteEloChange "8"]
[BlackElo "2457"]
[BlackTitle "IM"]
[BlackCountry "NED"]
[BlackFideId "1030108"]
[BlackEloChange "-4"]

1. d4 {[%clk 2:00:26]} Nf6 {[%clk 2:00:23]} 2. c4 {[%clk 2:00:38]} e6 {[%clk
2:00:34]} 3. Nc3 {[%clk 2:00:48]} Bb4 {[%clk 2:00:37]} 4. e3 {[%clk 2:00:58]} Nc6
{[%clk 2:00:48]} 5. Ne2 {[%clk 2:00:40]} O-O {[%clk 2:00:50]} 6. a3 {[%clk
2:00:42]} Be7 {[%clk 2:01:00]} 7. Nf4 {[%clk 1:58:15]} Re8 {[%clk 1:59:52]} 8.
Be2 {[%clk 1:53:37]} e5 {[%clk 1:51:22]} 9. dxe5 {[%clk 1:50:19]} Nxe5 {[%clk
1:51:32]} 10. O-O {[%clk 1:50:00]} d6 {[%clk 1:50:12]} 11. b3 {[%clk 1:47:55]}
Bf5 {[%clk 1:48:46]} 12. f3 {[%clk 1:45:35]} c6 {[%clk 1:47:18]} 13. e4 {[%clk
1:40:27]} Qb6+ {[%clk 1:46:34]} 14. Kh1 {[%clk 1:40:30]} Bd7 {[%clk 1:46:13]} 15.
Na4 {[%clk 1:37:33]} Qc7 {[%clk 1:46:10]} 16. Be3 {[%clk 1:37:35]} Bf8 {[%clk
1:45:00]} 17. Nc3 {[%clk 1:31:00]} Rad8 {[%clk 1:43:42]} 18. Qe1 {[%clk 1:29:44]}
g6 {[%clk 1:40:29]} 19. Qf2 {[%clk 1:27:19]} b6 {[%clk 1:36:57]} 20. Rfd1 {[%clk
1:26:59]} Bg7 {[%clk 1:35:16]} 21. Rac1 {[%clk 1:26:29]} h6 {[%clk 1:32:21]} 22.
Nd3 {[%clk 1:19:12]} Nxd3 {[%clk 1:30:18]} 23. Rxd3 {[%clk 1:17:31]} Be6 {[%clk
1:28:43]} 24. Nd5 {[%clk 1:11:34]} Bxd5 {[%clk 1:27:17]} 25. cxd5 {[%clk
1:10:57]} c5 {[%clk 1:27:29]} 26. b4 {[%clk 1:01:32]} Qd7 {[%clk 1:21:53]} 27.
Rb3 {[%clk 1:00:25]} Rb8 {[%clk 1:20:03]} 28. Rcb1 {[%clk 0:59:35]} Qc7 {[%clk
1:19:31]} 29. Bb5 {[%clk 0:56:57]} Rec8 {[%clk 1:07:37]} 30. Qd2 {[%clk 0:44:41]}
Kh7 {[%clk 1:06:40]} 31. Ba6 {[%clk 0:43:56]} Re8 {[%clk 1:05:24]} 32. bxc5
{[%clk 0:42:57]} bxc5 {[%clk 1:05:14]} 33. Rb7 {[%clk 0:40:49]} Rxb7 {[%clk
1:04:40]} 34. Rxb7 {[%clk 0:40:50]} Qd8 {[%clk 1:04:06]} 35. Rxf7 {[%clk
0:29:40]} 1/2-1/2

[Event "BPB Limburg Open"]
[Site "chess24.com"]
[Date "2017.06.03"]
[Round "3"]
[White "Maki-Uuro, Miikka"]
[Black "Hilverda, Alexander"]
[Result "1-0"]
[Board "11"]
[WhiteElo "2337"]
[WhiteTitle "IM"]
[WhiteCountry "FIN"]
[WhiteFideId "501344"]
[WhiteEloChange "11"]
[BlackElo "2382"]
[BlackCountry "GER"]
[BlackFideId "4695437"]
[BlackEloChange "-11"]

1. d4 {[%clk 2:00:27]} d5 {[%clk 1:59:08]} 2. c4 {[%clk 2:00:14]} e6 {[%clk
1:58:51]} 3. Nc3 {[%clk 1:59:01]} Bb4 {[%clk 1:58:41]} 4. e3 {[%clk 1:57:19]} Nf6
{[%clk 1:57:05]} 5. a3 {[%clk 1:56:59]} Bxc3+ {[%clk 1:56:32]} 6. bxc3 {[%clk
1:57:07]} c6 {[%clk 1:56:24]} 7. Bd3 {[%clk 1:49:15]} O-O {[%clk 1:53:34]} 8. Nf3
{[%clk 1:47:52]} b6 {[%clk 1:53:23]} 9. a4 {[%clk 1:36:01]} Ba6 {[%clk 1:52:06]}
10. cxd5 {[%clk 1:35:59]} Bxd3 {[%clk 1:51:44]} 11. Qxd3 {[%clk 1:36:06]} cxd5
{[%clk 1:50:59]} 12. Ba3 {[%clk 1:27:10]} Re8 {[%clk 1:51:07]} 13. O-O {[%clk
1:26:46]} Nc6 {[%clk 1:49:42]} 14. c4 {[%clk 1:25:44]} dxc4 {[%clk 1:46:16]} 15.
Qxc4 {[%clk 1:25:52]} Na5 {[%clk 1:46:01]} 16. Qa6 {[%clk 1:15:23]} Qc8 {[%clk
1:26:32]} 17. Qb5 {[%clk 1:13:37]} Qb7 {[%clk 1:24:48]} 18. Rab1 {[%clk 1:11:56]}
Qd5 {[%clk 1:19:08]} 19. Bb4 {[%clk 1:10:00]} Nc6 {[%clk 1:13:23]} 20. Bd2 {[%clk
0:58:01]} Rac8 {[%clk 1:11:01]} 21. Rfc1 {[%clk 0:56:03]} Qxb5 {[%clk 1:02:33]}
22. axb5 {[%clk 0:44:03]} Ne7 {[%clk 1:02:42]} 23. Ne5 {[%clk 0:43:47]} Rxc1+
{[%clk 0:52:38]} 24. Rxc1 {[%clk 0:44:05]} Rc8 {[%clk 0:52:15]} 25. Nc6 {[%clk
0:42:12]} Nxc6 {[%clk 0:51:30]} 26. Rxc6 {[%clk 0:42:20]} Ra8 {[%clk 0:27:56]}
27. f3 {[%clk 0:28:39]} h6 {[%clk 0:27:55]} 28. e4 {[%clk 0:27:48]} Rd8 {[%clk
0:22:12]} 29. Rc4 {[%clk 0:17:05]} Ne8 {[%clk 0:18:47]} 30. Bf4 {[%clk 0:16:53]}
f5 {[%clk 0:13:33]} 31. Kf2 {[%clk 0:15:01]} Nf6 {[%clk 0:12:28]} 32. Ke3 {[%clk
0:13:45]} fxe4 {[%clk 0:07:58]} 33. fxe4 {[%clk 0:13:54]} g5 {[%clk 0:07:36]} 34.
Bg3 {[%clk 0:12:55]} Ne8 {[%clk 0:06:27]} 35. Be5 {[%clk 0:09:41]} h5 {[%clk
0:05:50]} 36. h3 {[%clk 0:09:43]} Kf7 {[%clk 0:05:22]} 37. Ra4 {[%clk 0:09:39]}
Ra8 {[%clk 0:04:50]} 38. d5 {[%clk 0:09:38]} Ke7 {[%clk 0:04:15]} 39. Kd4 {[%clk
0:09:02]} exd5 {[%clk 0:03:34]} 40. exd5 {[%clk 0:09:01]} Nd6 {[%clk 0:02:52]}
41. Bxd6+ {[%clk 0:09:00]} Kxd6 {[%clk 0:03:06]} 42. Rc4 {[%clk 0:09:01]} Rf8
{[%clk 0:02:12]} 43. Rc6+ {[%clk 0:08:53]} Kd7 {[%clk 0:02:26]} 44. Rg6 {[%clk
0:07:53]} Rf5 {[%clk 0:02:15]} 45. Ke4 {[%clk 0:07:43]} Rf1 {[%clk 0:01:19]} 46.
Rxg5 {[%clk 0:06:25]} h4 {[%clk 0:01:33]} 47. Rg7+ {[%clk 0:03:47]} Kd6 {[%clk
0:01:47]} 48. Rxa7 {[%clk 0:03:39]} Re1+ {[%clk 0:01:52]} 49. Kf3 {[%clk
0:03:24]} Rf1+ {[%clk 0:00:30]} 50. Ke2 {[%clk 0:03:14]} Rf6 {[%clk 0:00:21]} 51.
Ra4 {[%clk 0:03:02]} Rh6 {[%clk 0:00:23]} 52. Rc4 {[%clk 0:01:44]} Kxd5 {[%clk
0:00:33]} 53. Rc8 {[%clk 0:01:53]} Re6+ {[%clk 0:00:51]} 54. Kf3 {[%clk 0:02:18]}
Rf6+ {[%clk 0:01:04]} 55. Ke3 {[%clk 0:01:51]} Rg6 {[%clk 0:00:58]} 56. Kf2
{[%clk 0:01:05]} Rf6+ {[%clk 0:00:29]} 57. Kg1 {[%clk 0:01:14]} Rg6 {[%clk
0:00:22]} 58. Kh2 {[%clk 0:01:22]} Re6 {[%clk 0:00:31]} 59. Rh8 {[%clk 0:01:08]}
Re4 {[%clk 0:00:36]} 60. g4 {[%clk 0:00:55]} hxg3+ {[%clk 0:00:30]} 61. Kxg3
{[%clk 0:01:08]} Kc4 {[%clk 0:00:17]} 62. Rh5 {[%clk 0:01:10]} Kb4 {[%clk
0:00:19]} 63. Rg5 {[%clk 0:01:16]} Rc4 {[%clk 0:00:17]} 64. h4 {[%clk 0:00:45]}
Rc3+ {[%clk 0:00:31]} 65. Kg4 {[%clk 0:00:48]} Rc4+ {[%clk 0:00:28]} 66. Kh5
{[%clk 0:00:56]} Ka4 {[%clk 0:00:32]} 67. Rf5 {[%clk 0:00:53]} Rc1 {[%clk
0:00:29]} 68. Kg6 {[%clk 0:01:03]} Rg1+ {[%clk 0:00:39]} 69. Rg5 {[%clk 0:01:06]}
Rd1 {[%clk 0:00:33]} 70. h5 {[%clk 0:01:07]} Rd6+ {[%clk 0:00:46]} 71. Kg7 {[%clk
0:01:02]} Rd7+ {[%clk 0:01:00]} 72. Kf6 {[%clk 0:01:13]} Rd6+ {[%clk 0:01:05]}
73. Ke7 {[%clk 0:01:23]} Rh6 {[%clk 0:01:15]} 74. Rf5 {[%clk 0:01:30]} Kb4 {[%clk
0:01:11]} 75. Kf7 {[%clk 0:01:42]} Rd6 {[%clk 0:01:09]} 76. Kg7 {[%clk 0:01:53]}
Rd7+ {[%clk 0:01:22]} 77. Kg6 {[%clk 0:02:06]} Rd6+ {[%clk 0:00:37]} 78. Kg5
{[%clk 0:02:20]} Rd1 {[%clk 0:00:48]} 79. h6 {[%clk 0:02:32]} Rg1+ {[%clk
0:00:55]} 80. Kf6 {[%clk 0:02:45]} Rh1 {[%clk 0:01:01]} 81. Kg6 {[%clk 0:02:58]}
Rg1+ {[%clk 0:00:26]} 82. Rg5 {[%clk 0:03:10]} Rd1 {[%clk 0:00:27]} 83. h7 {[%clk
0:03:21]} Rd8 {[%clk 0:00:29]} 84. Kh5 {[%clk 0:02:22]} Ka5 {[%clk 0:00:27]} 85.
Rg8 {[%clk 0:01:12]} Rd1 {[%clk 0:00:26]} 86. h8Q {[%clk 0:01:24]} Rh1+ {[%clk
0:00:54]} 87. Kg4 {[%clk 0:01:38]} Rxh8 {[%clk 0:01:07]} 88. Rxh8 {[%clk
0:01:52]} Kxb5 {[%clk 0:01:21]} 89. Kf3 {[%clk 0:02:01]} 1-0

[Event "BPB Limburg Open"]
[Site "chess24.com"]
[Date "2017.06.04"]
[Round "4"]
[White "Kaufeld, Juergen"]
[Black "van der Valk, Niklas"]
[Result "1/2-1/2"]
[Board "11"]
[WhiteElo "2320"]
[WhiteTitle "FM"]
[WhiteCountry "GER"]
[WhiteFideId "4648498"]
[WhiteEloChange "-5"]
[BlackElo "2144"]
[BlackCountry "GER"]
[BlackFideId "24651931"]
[BlackEloChange "5"]

1. e4 {[%clk 2:00:24]} c5 {[%clk 2:00:18]} 2. Nf3 {[%clk 2:00:30]} d6 {[%clk
2:00:28]} 3. d4 {[%clk 2:00:37]} cxd4 {[%clk 2:00:37]} 4. Nxd4 {[%clk 2:00:47]}
Nf6 {[%clk 2:00:47]} 5. Nc3 {[%clk 2:00:56]} a6 {[%clk 2:00:57]} 6. Bg5 {[%clk
1:56:40]} Nbd7 {[%clk 2:00:59]} 7. Bc4 {[%clk 1:56:47]} e6 {[%clk 2:00:13]} 8.
O-O {[%clk 1:53:55]} Qb6 {[%clk 1:55:30]} 9. Re1 {[%clk 1:42:52]} Qc5 {[%clk
1:37:35]} 10. Bd5 {[%clk 1:38:34]} Nb6 {[%clk 1:29:31]} 11. Nc6 {[%clk 1:03:20]}
Nbxd5 {[%clk 1:08:10]} 12. exd5 {[%clk 0:57:30]} bxc6 {[%clk 1:06:48]} 13. Bxf6
{[%clk 0:49:04]} gxf6 {[%clk 1:02:46]} 14. Ne4 {[%clk 0:49:13]} Qb6 {[%clk
0:55:50]} 15. Qh5 {[%clk 0:32:43]} Be7 {[%clk 0:42:21]} 16. dxe6 {[%clk 0:24:17]}
Bxe6 {[%clk 0:32:40]} 17. Nxd6+ {[%clk 0:16:35]} Bxd6 {[%clk 0:27:57]} 18. Rxe6+
{[%clk 0:16:44]} Be7 {[%clk 0:27:28]} 19. Rxe7+ {[%clk 0:15:48]} Kxe7 {[%clk
0:27:19]} 20. Re1+ {[%clk 0:15:57]} Kd8 {[%clk 0:17:30]} 21. Qd1+ {[%clk
0:15:33]} Kc7 {[%clk 0:11:04]} 1/2-1/2

[Event "BPB Limburg Open"]
[Site "chess24.com"]
[Date "2017.06.04"]
[Round "5"]
[White "Bauer, Christian"]
[Black "Vrolijk, Liam"]
[Result "1/2-1/2"]
[Board "2"]
[WhiteElo "2630"]
[WhiteTitle "GM"]
[WhiteCountry "FRA"]
[WhiteFideId "603767"]
[WhiteEloChange "-3"]
[BlackElo "2401"]
[BlackTitle "FM"]
[BlackCountry "NED"]
[BlackFideId "1048333"]
[BlackEloChange "3"]

1. d4 {[%clk 2:00:26]} Nf6 {[%clk 2:00:23]} 2. Nf3 {[%clk 2:00:15]} e6 {[%clk
2:00:29]} 3. Bf4 {[%clk 1:59:40]} c5 {[%clk 2:00:21]} 4. e3 {[%clk 1:59:19]} Nc6
{[%clk 2:00:27]} 5. Nc3 {[%clk 1:56:02]} cxd4 {[%clk 1:54:56]} 6. exd4 {[%clk
1:55:16]} Bb4 {[%clk 1:52:11]} 7. Bd3 {[%clk 1:52:43]} d5 {[%clk 1:50:30]} 8. O-O
{[%clk 1:52:06]} O-O {[%clk 1:47:18]} 9. a3 {[%clk 1:45:58]} Bd6 {[%clk 1:41:38]}
10. Qd2 {[%clk 1:38:24]} b6 {[%clk 1:39:58]} 11. Rfe1 {[%clk 1:34:43]} Bb7 {[%clk
1:37:59]} 12. Rad1 {[%clk 1:27:45]} Rc8 {[%clk 1:36:44]} 13. Bxd6 {[%clk
1:27:44]} Qxd6 {[%clk 1:36:47]} 14. Qg5 {[%clk 1:27:28]} Rfe8 {[%clk 1:31:41]}
15. Qh4 {[%clk 1:22:52]} h6 {[%clk 1:25:13]} 16. Ne5 {[%clk 1:20:49]} Qe7 {[%clk
1:18:01]} 17. Qf4 {[%clk 1:17:59]} Nd7 {[%clk 1:10:28]} 18. Nb5 {[%clk 1:15:47]}
Ndxe5 {[%clk 0:59:15]} 19. dxe5 {[%clk 1:14:47]} Red8 {[%clk 0:58:52]} 20. h4
{[%clk 0:58:52]} Rd7 {[%clk 0:43:28]} 21. Re3 {[%clk 0:52:23]} Rf8 {[%clk
0:42:15]} 22. Rde1 {[%clk 0:46:04]} Ba6 {[%clk 0:36:22]} 23. Rg3 {[%clk 0:39:55]}
Kh8 {[%clk 0:36:01]} 24. Qa4 {[%clk 0:37:30]} Bc8 {[%clk 0:32:20]} 25. Nd6 {[%clk
0:28:21]} Rc7 {[%clk 0:28:50]} 26. Qg4 {[%clk 0:26:00]} f6 {[%clk 0:26:15]} 27.
exf6 {[%clk 0:22:58]} Rxf6 {[%clk 0:25:49]} 28. Nxc8 {[%clk 0:23:03]} Rxc8 {[%clk
0:25:54]} 29. c4 {[%clk 0:23:10]} dxc4 {[%clk 0:20:45]} 30. Bxc4 {[%clk 0:18:52]}
Qf8 {[%clk 0:19:45]} 31. Bd3 {[%clk 0:08:08]} Ne7 {[%clk 0:17:39]} 32. Rge3
{[%clk 0:06:17]} Nd5 {[%clk 0:13:19]} 33. Rxe6 {[%clk 0:05:22]} Rxe6 {[%clk
0:13:17]} 34. Qxe6 {[%clk 0:04:42]} Nf4 {[%clk 0:13:20]} 35. Qf5 {[%clk 0:04:37]}
Nxd3 {[%clk 0:13:28]} 36. Qxd3 {[%clk 0:04:51]} Qf6 {[%clk 0:13:15]} 37. Qd7
{[%clk 0:03:04]} Rf8 {[%clk 0:11:27]} 38. Rf1 {[%clk 0:03:01]} Qxb2 {[%clk
0:09:00]} 39. Qxa7 {[%clk 0:03:14]} Qd4 {[%clk 0:08:47]} 40. g3 {[%clk 0:03:03]}
Kh7 {[%clk 0:08:31]} 41. Qb7 {[%clk 0:01:56]} Rf5 {[%clk 0:08:54]} 42. Qc8 {[%clk
0:01:26]} Rf3 {[%clk 0:08:24]} 43. Qc2+ {[%clk 0:01:16]} Kh8 {[%clk 0:08:23]} 44.
Kg2 {[%clk 0:01:01]} Qd5 {[%clk 0:07:11]} 45. Kh2 {[%clk 0:01:06]} Rxa3 {[%clk
0:07:19]} 46. Rd1 {[%clk 0:00:46]} Rc3 {[%clk 0:04:04]} 47. Qxc3 {[%clk 0:01:00]}
Qxd1 {[%clk 0:04:07]} 48. Qc8+ {[%clk 0:01:14]} Kh7 {[%clk 0:04:13]} 49. Qf5+
{[%clk 0:01:28]} Kh8 {[%clk 0:04:05]} 50. Qf8+ {[%clk 0:01:19]} Kh7 {[%clk
0:04:15]} 51. Qf5+ {[%clk 0:01:32]} Kh8 {[%clk 0:04:23]} 52. Qf8+ {[%clk
0:01:26]} 1/2-1/2

[Event "BPB Limburg Open"]
[Site "chess24.com"]
[Date "2017.06.04"]
[Round "5"]
[White "Fier, Alexandr"]
[Black "Bogner, Sebastian"]
[Result "1/2-1/2"]
[Board "4"]
[WhiteElo "2576"]
[WhiteTitle "GM"]
[WhiteCountry "BRA"]
[WhiteFideId "2107139"]
[BlackElo "2603"]
[BlackTitle "GM"]
[BlackCountry "SUI"]
[BlackFideId "4692055"]

1. d4 {[%clk 2:00:27]} Nf6 {[%clk 2:00:21]} 2. c4 {[%clk 2:00:38]} e6 {[%clk
2:00:32]} 3. Nc3 {[%clk 2:00:50]} Bb4 {[%clk 2:00:43]} 4. Qc2 {[%clk 2:01:01]}
Nc6 {[%clk 1:59:25]} 5. e3 {[%clk 1:59:46]} O-O {[%clk 1:58:47]} 6. Bd2 {[%clk
1:59:56]} d6 {[%clk 1:57:52]} 7. a3 {[%clk 2:00:07]} Bxc3 {[%clk 1:58:03]} 8.
Bxc3 {[%clk 2:00:18]} a5 {[%clk 1:56:27]} 9. b3 {[%clk 2:00:15]} e5 {[%clk
1:56:23]} 10. d5 {[%clk 1:58:55]} Ne7 {[%clk 1:56:15]} 11. Bd3 {[%clk 1:59:05]}
c6 {[%clk 1:48:46]} 12. dxc6 {[%clk 1:59:01]} Nxc6 {[%clk 1:37:51]} 13. Nf3
{[%clk 1:58:52]} Qe7 {[%clk 1:36:47]} 14. Nd2 {[%clk 1:58:45]} h6 {[%clk
1:32:42]} 15. O-O {[%clk 1:53:00]} Be6 {[%clk 1:32:51]} 16. Qb2 {[%clk 1:43:59]}
Nd7 {[%clk 1:28:10]} 17. b4 {[%clk 1:41:34]} Nb6 {[%clk 1:26:00]} 18. Qb3 {[%clk
1:31:35]} d5 {[%clk 1:14:41]} 19. bxa5 {[%clk 1:28:32]} 1/2-1/2

[Event "BPB Limburg Open"]
[Site "chess24.com"]
[Date "2017.06.04"]
[Round "5"]
[White "Harff, Marcel"]
[Black "Lai, Hing Ting"]
[Result "1/2-1/2"]
[Board "11"]
[WhiteElo "2377"]
[WhiteTitle "FM"]
[WhiteCountry "GER"]
[WhiteFideId "24621382"]
[BlackElo "2393"]
[BlackTitle "FM"]
[BlackCountry "NED"]
[BlackFideId "1038257"]

1. c4 {[%clk 2:00:27]} Nf6 {[%clk 2:00:16]} 2. g3 {[%clk 2:00:33]} e6 {[%clk
2:00:26]} 3. Bg2 {[%clk 2:00:44]} d5 {[%clk 2:00:37]} 4. Nf3 {[%clk 2:00:11]} Be7
{[%clk 2:00:41]} 5. b3 {[%clk 2:00:17]} O-O {[%clk 2:00:17]} 6. Bb2 {[%clk
2:00:26]} c5 {[%clk 2:00:26]} 7. cxd5 {[%clk 2:00:29]} exd5 {[%clk 2:00:22]} 8.
O-O {[%clk 1:59:41]} d4 {[%clk 1:57:11]} 9. Ne5 {[%clk 1:55:14]} Qc7 {[%clk
1:52:00]} 10. f4 {[%clk 1:54:42]} Rd8 {[%clk 1:40:17]} 11. Na3 {[%clk 1:53:42]}
Be6 {[%clk 1:38:24]} 12. Qc2 {[%clk 1:52:19]} Bd5 {[%clk 1:33:47]} 13. e4 {[%clk
1:51:58]} dxe3 {[%clk 1:27:45]} 14. dxe3 {[%clk 1:51:42]} Bxg2 {[%clk 1:27:18]}
15. Qxg2 {[%clk 1:52:03]} Nbd7 {[%clk 1:26:20]} 16. Rfd1 {[%clk 1:49:35]} Nxe5
{[%clk 1:18:26]} 17. Bxe5 {[%clk 1:49:20]} Rxd1+ {[%clk 1:17:47]} 18. Rxd1 {[%clk
1:49:21]} Rd8 {[%clk 1:17:44]} 19. Rxd8+ {[%clk 1:42:05]} 1/2-1/2

[Event "BPB Limburg Open"]
[Site "chess24.com"]
[Date "2017.06.05"]
[Round "6"]
[White "Pruijssers, Roeland"]
[Black "Sadler, Matthew D"]
[Result "1/2-1/2"]
[Board "1"]
[WhiteElo "2502"]
[WhiteTitle "GM"]
[WhiteCountry "NED"]
[WhiteFideId "1013068"]
[WhiteEloChange "2"]
[BlackElo "2684"]
[BlackTitle "GM"]
[BlackCountry "ENG"]
[BlackFideId "400173"]
[BlackEloChange "-2"]

1. e4 {[%clk 1:59:09]} e6 {[%clk 2:00:13]} 2. d4 {[%clk 1:59:18]} d5 {[%clk
2:00:18]} 3. Nd2 {[%clk 1:59:26]} Be7 {[%clk 2:00:17]} 4. e5 {[%clk 1:59:32]} c5
{[%clk 1:59:40]} 5. c3 {[%clk 1:59:40]} Nc6 {[%clk 1:59:45]} 6. Bd3 {[%clk
1:59:48]} Bd7 {[%clk 1:59:18]} 7. Ne2 {[%clk 1:59:35]} f6 {[%clk 1:58:58]} 8. f4
{[%clk 1:58:24]} Qb6 {[%clk 1:42:14]} 9. Nf3 {[%clk 1:57:03]} Nh6 {[%clk
1:42:22]} 10. O-O {[%clk 1:55:06]} O-O {[%clk 1:38:00]} 11. Kh1 {[%clk 1:53:58]}
cxd4 {[%clk 1:21:44]} 12. Nexd4 {[%clk 1:53:44]} Nxd4 {[%clk 1:21:52]} 13. Nxd4
{[%clk 1:49:56]} Bc5 {[%clk 1:20:23]} 14. exf6 {[%clk 1:11:38]} Bxd4 {[%clk
1:13:17]} 15. cxd4 {[%clk 1:08:14]} Rxf6 {[%clk 1:13:14]} 16. g4 {[%clk 1:08:21]}
Rff8 {[%clk 1:10:13]} 17. h3 {[%clk 0:59:29]} Bb5 {[%clk 1:07:01]} 18. b3 {[%clk
0:57:50]} Rfc8 {[%clk 1:00:05]} 19. Bxb5 {[%clk 0:40:48]} Qxb5 {[%clk 1:00:10]}
20. f5 {[%clk 0:40:58]} Nf7 {[%clk 0:21:22]} 21. fxe6 {[%clk 0:37:52]} Nd6 {[%clk
0:21:35]} 22. Ba3 {[%clk 0:36:05]} Qa6 {[%clk 0:19:37]} 23. Bb4 {[%clk 0:35:47]}
Ne4 {[%clk 0:18:55]} 24. e7 {[%clk 0:29:49]} Ng3+ {[%clk 0:13:31]} 25. Kg2 {[%clk
0:29:37]} Nxf1 {[%clk 0:13:39]} 26. Qxf1 {[%clk 0:29:48]} Rc2+ {[%clk 0:13:46]}
27. Kg3 {[%clk 0:29:22]} Qf6 {[%clk 0:13:42]} 28. Qxf6 {[%clk 0:27:35]} gxf6
{[%clk 0:13:55]} 29. Rf1 {[%clk 0:27:26]} Kf7 {[%clk 0:14:04]} 30. g5 {[%clk
0:19:11]} Rc6 {[%clk 0:14:10]} 31. Rf5 {[%clk 0:18:23]} Rg8 {[%clk 0:13:59]} 32.
h4 {[%clk 0:18:32]} a5 {[%clk 0:14:11]} 33. Ba3 {[%clk 0:16:48]} h6 {[%clk
0:09:37]} 34. Rxd5 {[%clk 0:16:56]} fxg5 {[%clk 0:09:41]} 35. h5 {[%clk 0:16:04]}
a4 {[%clk 0:09:19]} 36. Rb5 {[%clk 0:13:26]} g4 {[%clk 0:07:40]} 37. Bb4 {[%clk
0:06:04]} axb3 {[%clk 0:07:24]} 38. axb3 {[%clk 0:06:17]} Rf6 {[%clk 0:06:35]}
39. d5 {[%clk 0:03:57]} Rf3+ {[%clk 0:04:47]} 40. Kg2 {[%clk 0:04:11]} Rc8 {[%clk
0:03:14]} 41. d6 {[%clk 0:02:20]} Rc2+ {[%clk 0:03:23]} 42. Kg1 {[%clk 0:02:33]}
Rc1+ {[%clk 0:01:43]} 43. Kg2 {[%clk 0:02:47]} Rc2+ {[%clk 0:01:54]} 44. Kg1
{[%clk 0:02:59]} Rc1+ {[%clk 0:01:28]} 1/2-1/2